| 000 | 00866nam a2200265 i 4500 | ||
|---|---|---|---|
| 001 | bg | ||
| 100 | 1 | _aBOCZEK, Jan | |
| 245 | 1 | 0 |
_aWybrane działy zoologii : _bpodręcznik dla studiujących ochronę roślin i środowiska / _cJan Boczek, Michał Brzeski, Danuta Kropczyńska-Linkiewicz. |
| 250 | _aWyd. nowe (3 popr. i uzup.). | ||
| 260 |
_aWarszawa : _bWydaw. Naukowe PWN, _c2000. |
||
| 300 |
_a343, [1] s. : _bil. ; _c24 cm. |
||
| 504 | _aBibliogr. - Indeksy. | ||
| 650 | 9 | _aZoologia | |
| 655 | _aPodręczniki akademickie | ||
| 700 | 1 | _aBRZESKI, Michał | |
| 700 | 1 | _aKROPCZYŃSKA-LINKIEWICZ, Danuta | |
| 020 | _a8301131594 | ||
| 040 | _cBPK | ||
| 041 | 0 | _apl | |
| 080 | _a59(075.8) | ||
| 920 | _a83-01-13159-4 | ||
| 942 | _cKS | ||
| 008 | s pl f |000 0 pol | ||
| 999 |
_c39098 _d39098 |
||
| 856 |
_uhttp://koha.tu.koszalin.pl/cgi-bin/koha/opac-detail.pl?biblionumber=39098 _yKatalog online BPK |
||